| 000 | 00585nam a22001937a 4500 | ||
|---|---|---|---|
| 003 | NUST | ||
| 005 | 20230126122420.0 | ||
| 008 | 190705b ||||| |||| 00| 0 eng d | ||
| 038 | _aMr.Atta | ||
| 082 | _a510 | ||
| 100 |
_aBatool, Sabeeqa _916774 |
||
| 245 |
_aApproximate Solution of System of Non-linear Partial Differential Equations _cSabeeqa Batool |
||
| 260 |
_aIslamabad : _bSNS - NUST, _c2017. |
||
| 300 |
_ax, 63 p. ; ill. ; _c30cm. |
||
| 500 | _aHardcover. | ||
| 650 |
_aMathematics - M. Phil Thesis _916594 |
||
| 700 |
_aAzad Akhter Siddiqui _916775 |
||
| 942 |
_2ddc _cTHE |
||
| 999 |
_c525831 _d525831 |
||